Actors / Actresses Chain #10 - Statistics

General Stats
  • This quiz has been taken 70 times
  • The average score is 13 of 38
Answer Stats
Answer Hint % Correct
Dakota Johnson Madame Web
70%
Dakota Johnson Fifty Shades of Grey
70%
Henry Cavill Man of Steel
68%
Henry Cavill Enola Holmes
68%
Millie Bobby Brown Enola Holmes
66%
Millie Bobby Brown Godzilla vs. Kong
66%
Ansel Elgort Baby Driver
41%
Ansel Elgort The Fault in Our Stars
41%
Glen Powell Top Gun: Maverick
41%
Glen Powell Anyone but You
41%
Sydney Sweeney Anyone but You
41%
Sydney Sweeney Madame Web
41%
Johnny Depp The Tourist
39%
Adam Driver Ferrari
34%
Adam Driver Star Wars: The Force Awakens
34%
Kenneth Branagh Murder on the Orient Express
34%
Kenneth Branagh Harry Potter and the Chamber of Secrets
34%
Daisy Ridley Star Wars: The Force Awakens
32%
Daisy Ridley Murder on the Orient Express
32%
Shailene Woodley The Fault in Our Stars
30%
Shailene Woodley Ferrari
30%
Alexander Skarsgård Godzilla vs. Kong
25%
Alexander Skarsgård The Legend of Tarzan
25%
Jennifer Connelly Blood Diamond
25%
Jennifer Connelly Top Gun: Maverick
25%
Djimon Hounsou The Legend of Tarzan
23%
Djimon Hounsou Blood Diamond
23%
Jamie Foxx Robin Hood
23%
Jamie Foxx Baby Driver
23%
Jamie Dornan Fifty Shades of Grey
21%
Jamie Dornan Robin Hood
21%
Laurence Fishburne Man of Steel
21%
Richard Harris Harry Potter and the Chamber of Secrets
18%
Richard Harris Camelot
18%
Vanessa Redgrave Camelot
9%
Vanessa Redgrave Mary, Queen of Scots
9%
Timothy Dalton Mary, Queen of Scots
4%
Timothy Dalton The Tourist
4%
No matching quizzes found
Score Distribution
Percent of People with Each Score
Percentile by Number Answered
Your Score History
You have not taken this quiz